Dental pharmacology

Tallennettuna:
Bibliografiset tiedot
Päätekijä: Toyoyuki Tamura
Aineistotyyppi: Kirja
Kieli:Undetermined
Julkaistu: Tokyo, Japan 1975
Aiheet:
Tagit: Lisää tagi
Ei tageja, Lisää ensimmäinen tagi!
Thư viện lưu trữ: Trung tâm Học liệu Trường Đại học Cần Thơ
LEADER 00442nam a2200169Ia 4500
001 CTU_26559
008 210402s9999 xx 000 0 und d
082 |a 615.1 
082 |b T159 
100 |a Toyoyuki Tamura 
245 0 |a Dental pharmacology 
245 0 |c Toyoyuki Tamura 
260 |a Tokyo, Japan 
260 |c 1975 
650 |a dental pharmacology 
904 |i Minh, 981014 
980 |a Trung tâm Học liệu Trường Đại học Cần Thơ